| 000 | 00903nam a2200241Ia 4500 | ||
|---|---|---|---|
| 003 | GCL | ||
| 008 | 140319s9999 xx 000 0 ara d | ||
| 040 |
_aGCL / _cGCL |
||
| 082 | 0 | 4 |
_a658.045 _bم ج |
| 100 | 1 | _aمحمود صبح | |
| 245 | 1 | 0 |
_aجودة الادارة : _bالطريق الى تحقيق الارباح : المعيار الغائب فى تقويم الاداء فى الشركات / _cمحمود صبح |
| 260 |
_aالقاهرة : _bالمؤلف ، _c2005 |
||
| 300 |
_a91 ص ؛ _c24 سم |
||
| 650 | 0 | 4 | _aادارة الاعمال |
| 650 | 0 | 4 | _aاختراق السوق |
| 650 | 0 | 4 | _aالارباح |
| 650 | 0 | 4 | _aالمعاملات المالية |
| 650 | 0 | 4 | _aالاستراتيجية التنافسية |
| 650 | 0 | 4 | _aالادارة - تطوير |
| 650 | 0 | 4 | _aادارة الجودة الشاملة |
| 650 | 0 | 4 | _aالشركات - تنظيم و ادارة |
| 942 |
_2ddc _cBK |
||
| 999 |
_c8621 _d8621 |
||